Statistiques concernant Candidats à l’élection présidentielle 2012 en images

Cliquez ici pour prendre le quiz!

Statistiques générales

  • Ce quiz a été pris 69 fois
  • Le résultat moyen est 8 sur 10

Statistiques - réponses

Réponse% Correct
François Hollande
100%
Jean-Luc Mélenchon
100%
Marine Le Pen
100%
Nicolas Sarkozy
99%
Philippe Poutou
94%
Nicolas Dupont-Aignan
91%
François Bayrou
85%
Nathalie Arthaud
68%
Eva Joly
66%
Jacques Cheminade
46%

Distribution des résultats

Percentile par nombre de réponses

% des personnes avec chaque résultat

Votre développement - résultats

Vous n’avez pas pris ce quiz